Statistics for Geographical Features Invisible on the Jetpunk Map

Click here to take the quiz!

General Stats

  • This quiz has been taken 463 times
  • The average score is 5 of 27

Answers on the Map

Answers color-coded by a green-red scale on the quiz's map according to % correct below.
 

Answer Stats

AnswerCountry% Correct
AntarcticaNone
85%
SvalbardNorway
62%
ÅlandFinland
47%
South GeorgiaUK
47%
JejuSouth Korea
43%
Kerguelen IslandFrance
21%
Kuril IslandsDisputed
21%
BornholmDenmark
20%
Lake AlbertUganda, DRC
14%
Lake AthabascaCanada
14%
ÖlandSweden
14%
Wrangel IslandRussia
12%
Qinghai LakeChina
11%
Franz Josef LandRussia
10%
BelitungIndonesia
7%
St. Lawrence IslandUSA
7%
Coats IslandCanada
6%
Akimiski IslandCanada
5%
Belcher IslandsCanada
5%
Mansel IslandCanada
5%
Severnaya ZemlyaRussia
5%
Nottingham IslandCanada
4%
Salisbury IslandCanada
4%
Taliabu IslandIndonesia
4%
Kolguyev IslandRussia
3%
Lyakhovsky IslandsRussia
3%
Vaygach IslandRussia
3%

Score Distribution

Percentile by Number Answered

Percent of People with Each Score

Your Score History

You have not taken this quiz